Estructura esencial: curso de geometría pera pensar construyendo un cuerpo estable
Salvato in:
| Autore principale: | |
|---|---|
| Natura: | Libro |
| Lingua: | spagnolo |
| Pubblicazione: |
Valparaíso
Ediciones Universitarias de Valparaíso
2014
Valparaíso Ead Ediciones 2014 |
| Edizione: | 1a. ed |
| Soggetti: | |
| Tags: |
Aggiungi Tag
Nessun Tag, puoi essere il primo ad aggiungerne!!
|
MARC
| LEADER | 00000cam a2200000 a 4500 | ||
|---|---|---|---|
| 001 | UCD2725 | ||
| 003 | CL-VaPUC | ||
| 005 | 20240305105714.0 | ||
| 008 | 160505e20140600cl |||||||||||||||||spa|d | ||
| 999 | |c 363846 |d 363844 | ||
| 020 | |a 9789561706002 | ||
| 040 | |c Pontificia Universidad Católica de Valparaíso | ||
| 082 | 0 | 4 | |a 624.1 |b EYQ |2 21 |
| 100 | |a Eyquem Astorga, Miguel Luis |e autor |9 358518 | ||
| 245 | 1 | 0 | |a Estructura esencial: curso de geometría pera pensar construyendo un cuerpo estable |
| 250 | |a 1a. ed | ||
| 260 | |a Valparaíso |b Ediciones Universitarias de Valparaíso |c 2014 | ||
| 260 | |a Valparaíso |b Ead Ediciones |c 2014 | ||
| 300 | |a 117 p | ||
| 500 | |a c.4 Donación Rectoría julio 2022. | ||
| 583 | |a last modification |c 20190315 01:30:39 |k Rodrigo Vera | ||
| 650 | 0 | |a Ingeniería estructural |9 266833 | |
| 650 | 7 | |a GEOMETRIA DEL ESPACIO |2 CL-VaPUC |9 265986 | |
| 650 | 0 | |a Análisis estructural |9 260661 | |
| 650 | 7 | |a ESTRUCTURAS ARQUITECTONICAS |2 CL-VaPUC |9 586087 | |
| 942 | |c BK |2 ddc | ||
| 945 | |d 20160505 16:04:00 |a arojas | ||
| 952 | |0 0 |1 0 |3 erb |4 0 |6 624_100000000000000_EYQ_2014 |7 0 |8 X |9 476669 |a FDOBUD |b FDOBUD |i 5303079 |o 624.1 EYQ 2014 |p 5303079 |r 2019-11-24 |w 2019-11-24 |y BK_X |z Catalogado en:20160505 |k FHP | ||
| 952 | |0 0 |1 0 |3 erb |4 0 |6 624_100000000000000_EYQ_2014 |7 0 |8 A |9 476670 |a BIBARQ |b BIBARQ |i 5431379 |l 6 |m 1 |o 624.1 EYQ 2014 |p 5431379 |r 2025-01-20 |s 2023-10-18 |w 2019-11-24 |y BK |z Catalogado en:20171020 |k ARQ | ||
| 952 | |0 0 |1 0 |3 erb |4 0 |6 624_100000000000000_EYQ_2014 |7 0 |8 A |9 476671 |a BIBARQ |b BIBARQ |i 5431360 |l 9 |o 624.1 EYQ 2014 |p 5431360 |r 2025-01-20 |s 2024-03-27 |w 2019-11-24 |y BK |z Catalogado en:20171020 |k ARQ | ||
| 952 | |0 0 |1 0 |3 erb |4 0 |6 624_100000000000000_EYQ_2014 |7 0 |8 A |9 476672 |a BIBART |b BIBART |i 5535972 |l 1 |o 624.1 EYQ 2014 |p 5535972 |r 2025-03-13 |s 2024-11-06 |w 2019-11-24 |y BK |z Catalogado en:20190315 |k ART | ||
| 952 | |0 0 |1 0 |2 ddc |3 erb |4 0 |6 624_100000000000000_EYQ_2014 |7 0 |8 A |9 591867 |a BIBARQ |b BIBARQ |d 2023-10-05 |e Donación |i 5658908 |l 2 |o 624.1 EYQ 2014 |p 5658908 |r 2025-04-10 |s 2025-04-03 |t 4 |w 2019-11-24 |y BK |z Catalogado en:20171020 |k ARQ | ||